000 00242nam a2200109Ia 4500
008 220624s9999 xx 000 0 und d
020 _a187849129
082 _aJ595 BAI
100 _aJILL BAILEY
_9149375
245 0 _aSPINNEKOP
942 _cBK
_w561
_xJohn Tresidder
_y561
_zJohn Tresidder
999 _c685923
_d685922